LEADER 01117nas a2200265 i 4500 001 000000152554 003 CaOOAMICUS 005 20060919000000.0 008 060810b2004 gw uu u0 0mul r 013 $a129895 040 $aSeMil$bita 245 10$a2004 /$cin Verbindung mit Evangelos Chrysos ... [et al.] ; herausgegeben von Walter Brandmüller ; Schriftleitung Johannes Grohe. 260 $aPaderborn :$bFerdinand Schöningh,$c2004. 300 $a[4], 478 p. :$bill., tabelle ;$c24 cm. 700 1 $aChrysos, Evangelos.$0(OLS)http://semarc/name/59803 700 1 $aGrohe, Johannes.$0(OLS)http://semarc/name/44018 700 1 $aBrandmüller, Walter,$c.$0(OLS)http://semarc/name/18 774 0 $t36. Jahrgang, 2004.$w()264801 774 0 $tHeft 1.$w()264802 774 0 $tHeft 2.$w()264803 850 $aSeMil 852 $aSeMil$W1$xVenegono$y1$m184 5 34$j104508$B104508$CSeMilBibl$Z2$F114470 $85 961 $aAcquisto: Schöningh 996 $6245$a2004$9(OLS)http://semarc/title/142866 996 $6260$aPaderborn :$bFerdinand Schöningh$9(OLS)http://semarc/publisher/31027 LEADER 01263nam a2200301 i 4500 001 000000117944 003 CaOOAMICUS 005 20030915000000.0 008 030915s1997 it u000 u ita u 013 $a90637 020 $a88-7610-606-5 040 $aSeMil$bita 100 1 $aLafrance, Jean,$c.$0(OLS)http://semarc/name/4351 240 10$aPerséverants dans la prière.$0(OLS)http://semarc/title/59147 245 10$aVieni Spirito Santo :$bcommento al Veni Sancte Spiritus e al Veni Creator /$cJean Lafrance. 260 $aMilano :$bÀncora,$ccopyr. 1997. 300 $a255 p. ;$c19 cm. 490 0 $aRinnovamento 500 $aFondo Card. C.M. Martini. 650 4$aSpirito Santo - Meditazioni.$0(OLS)http://semarc/subject/6356 830 0$aRinnovamento.$0(OLS)http://semarc/title/11502 850 $aSeMil 852 $aSeMil$W1$xVenegono$y1$m3F III 180$j73284$B73284$CSeMilBibl$Z2$F100759 $81 941 1 $a4 961 $aOmaggio: Martini Card. Carlo Maria 996 $6020$a88-7610-606-5$9(OLS)http://semarc/number/102434 996 $6245$aVieni Spirito Santo :$bcommento al Veni Sancte Spiritus e al Veni Creator$9(OLS)http://semarc/title/173206 996 $6260$aMilano :$bÀncora$9(OLS)http://semarc/publisher/29763